All British Wars - Statistics

General Stats
  • This quiz has been taken 98 times
  • The average score is 47 of 191
Answer Stats
Years War % Correct
1922 IRA Northern Offensive
91%
1968-1998 The Troubles
91%
1914-1918 WW1
91%
1939-1945 WW2
91%
1944-1947 Afghan Revolts
89%
2001-2021 War in Afghanistan
85%
1838-1842 1st Anglo-Afghan War
84%
1878-1880 2nd Anglo-Afghan War
84%
1919 Anglo-Afghan War
84%
1793-1797 1st Coalition
76%
1797-1802 2nd Coalition
76%
1805-1806 3rd Coalition
76%
1806-1807 4th Coalition
76%
1809 5th Coalition
76%
1812-1814 6th Coalition
76%
1775-1783 American Revolution
76%
1920 Great Iraqi Revolution
76%
2003-2009 Iraq War
76%
1815 7th Coalition
75%
1701-1707 War of Spanish Succession
73%
1857-1858 Indian Rebellion
72%
1727-1729 Anglo-Spanish War
71%
1950-1953 Korean War
71%
1880-1881 1st Boer War
70%
1899-1902 2nd Boer War
70%
1807-1812 Anglo-Russian War
66%
1798 Irish Rebellion
66%
1919-1921 Irish War of Independence
66%
1918-1920 Russian Civil War
66%
1812-1815 War of 1812
66%
1990-1991 Gulf War
63%
1756-1763 Seven Years War
61%
1853-1856 Crimean War
59%
1796-1808 Anglo-Spanish War
58%
1982 Falklands War
58%
2011 1st Libyan Civil War
54%
1879 Anglo-Zulu War
51%
1952 Egyptian Revolution
51%
1740-1748 War of Austrian Succession
51%
1839-1842 1st Opium War
48%
1856-1860 2nd Opium War
48%
1998-1999 Kosovo War
48%
2009-Present Somali Civil War
48%
1900-1920 Somaliland Campaign
48%
1824-1826 1st Anglo-Burmese War
46%
1852-1853 2nd Anglo-Burmese War
46%
1885 3rd Anglo-Burmese War
46%
1899-1901 Boxer Rebellion
46%
1946-1948 Greek Civil War
46%
1992-1995 Bosnian War
44%
1919-1923 Turkish War of Independence
41%
1956 Suez Crisis
39%
1780-1784 4th Anglo-Dutch War
34%
1856-1857 Anglo-Persian War
34%
1952-1960 Mau Mau Uprising
34%
1819 Persian Gulf Campaign
34%
1948-1960 Malayan Emergency
32%
1807-1809 Anglo-Turkish War
30%
1947-1948 Palestine Civil War
30%
1939-1948 Palestine Emergency
30%
1947-1949 Palestine War
30%
1896 Anglo-Zanzibar War
29%
1936-1939 Great Arab Revolt
27%
1700-1721 Great Northern War
27%
1963-1967 Aden Emergency
25%
1814-1816 Anglo-Nepalese War
25%
1763-1765 Bengal War
25%
1821-1829 Greek War of Independence
25%
1739-1748 War of Jenkins' Ear
25%
1955-1959 Cyprus Emergency
24%
1919-1920 Kuwait-Najd War
24%
2000-2002 Sierra Leone Civil War
24%
1811-1812 4th Xhosa War
19%
1834-1836 6th Xhosa War
19%
1846-1847 7th Xhosa War
19%
1850-1853 8th Xhosa War
19%
1845-1846 1st Anglo-Sikh War
18%
1848-1849 2nd Anglo-Sikh War
18%
1915-1918 2nd Saudi-Rashidi War
18%
1945-1949 Indonesian Revolution
18%
1715 | 1745-1746 Jacobite Uprising
18%
1767-1769 1st Anglo-Mysore War
16%
1780-1784 2nd Anglo-Mysore War
16%
1789-1792 3rd Anglo-Mysore War
16%
1798-1799 4th Anglo-Mysore War
16%
1840-1841 Mysore Rebellion
16%
1823-1831 1st Anglo-Ashanti War
15%
1775-1783 1st Anglo-Maratha War
15%
1958-1961 1st Cod War
15%
1863-1864 2nd Anglo-Ashanti War
15%
1802-1805 2nd Anglo-Maratha War
15%
1972-1973 2nd Cod War
15%
1817-1818 3rd Anglo-Maratha War
15%
1975-1976 3rd Cod War
15%
1895-1896 4th Anglo-Ashanti War
15%
1845-1846 Anglo-Bruneian War
15%
1962 Brunei Revolt
15%
1809 Jorgen Jorgensen's Revolution
14%
1850-1864 Taiping Rebellion
14%
1916 Easter Rising
13%
1881-1899 Mahdist War
13%
1758-1761 Anglo-Cherokee War
11%
1899 Six Day War
11%
1749-1754 2nd Carnatic War
9%
1807-1814 Peninsular War
9%
1898-1899 2nd Samoan Civil War
8%
1963-1975 Dhofar Rebellion
8%
1867 Fenian Raids
8%
1897-1898 Cretan Revolt
6%
1763-1766 Pontiacs War
6%
1901-1902 Anglo-Aro War
5%
1918-1920 Estonian War of Independence
5%
1918-1920 Latvian War of Independence
5%
1715-1717 Yamasee War
5%
1769-1773 1st Carib War
4%
1833-1840 1st Carlist War
4%
1795-1797 2nd Carib War
4%
1873-1874 3rd Anglo-Asante War
4%
1915 Bussa Rebellion
4%
1847-1901 Caste War of Yucatan
4%
1721-1763 Chickasaw Wars
4%
1838-1839 Pastry War
4%
1711-1715 Tuscarora War
4%
1717-1720 War of Quadruple Alliance
4%
1803-1805 1st Kandyan War
3%
1893-1894 1st Matabele War
3%
1755 1st Polygar War
3%
1773-1774 1st Rohilla War
3%
1839-1841 2nd Egyptian-Ottoman War
3%
1815 2nd Kandyan War
3%
1795-1796 2nd Maroon War
3%
1896-1897 2nd Matabele War
3%
1799 2nd Polygar War
3%
1794 2nd Rohilla War
3%
1800-1801 3rd Polygar War
3%
1918 Adubi War
3%
1828 Ahom Rebellion
3%
1806-1807 Ashanti-Fante War
3%
1906 Bambatha Rebellion
3%
1781 Banaras Uprising
3%
1831-1832 Baptist War
3%
1831-1832 Barra War
3%
1830 Bathurst Rebellion
3%
1824 Bathurst War
3%
1781 Bihar Revolt
3%
1816 Bussa's Rebellion
3%
1915 Chilembwe uprising
3%
1834 Coorg War
3%
1823 Demerara Rebellion
3%
1721-1725 Drummers War
3%
1851-1854 Eureka Rebellion
3%
1795-1796 Fedon's Rebellion
3%
1807 Froberg Mutiny
3%
1807-1814 Gunboat War
3%
1796-1818 Kandyan Wars
3%
1813 Kedopok War
3%
1915 Kelantan Rebellion
3%
1917-1919 Kuki Rebellion
3%
1749-1755 Le Loutres War
3%
1828-1834 Liberal Wars
3%
1774 Lord Dunmore's War
3%
1848 Matale Rebellion
3%
1913-1920 Muscat Rebellion
3%
1831-1832 Naning War
3%
1850-1856 Soninke-Marabout War
3%
1760-1761 Tacky's War
3%
1801-1807 Temne War
3%
1830-1831 Titumir Rebellion
3%
1808-1809 Travancore Rebellion
3%
1995 Turbot War
3%
1879-1882 Urabi Revolt
3%
1860-1861 1st Taranaki War
1%
1863-1866 2nd Taranaki War
1%
1923 Adwan Rebellion
1%
1891 Anglo-Manipur War
1%
1880-1881 Basuto Gun War
1%
1922 Burao Tax Revolt
1%
1941-1944 Continuation War
1%
1864-1865 Duar War
1%
1803 Emmet's Insurrection
1%
1898 Hut Tax War
1%
1927-1930 Ikhwan Revolt
1%
1954-1959 Jebel Akhdar War
1%
1867-1874 Klang War
1%
1875-1876 Perak War
1%
1925 Pinks War
1%
1920 Samakh Raid
1%
1897-1898 Tirah Campaign
1%
1900 War of Garden Stool
1%
1943 Woyane Rebellion
1%
No matching quizzes found
Score Distribution
Percent of People with Each Score
Percentile by Number Answered
Your Score History
You have not taken this quiz